Juan Varela

Guardat en:
Dades bibliogràfiques
Autor principal: Herrera García, Adolfo
Format: Llibre
Idioma:Undetermined
Publicat: San José, Costa Rica Editorial Costa Rica 1968
Matèries:
Etiquetes: Afegir etiqueta
Sense etiquetes, Sigues el primer a etiquetar aquest registre!

MARC

LEADER 00000nam a2200000Ia 4500
008 170316s9999 xx 000 0 und d
040 |a cru BVZT 
090 |a 868 H-3j 
100 |a Herrera García, Adolfo 
245 |a Juan Varela 
260 |a San José, Costa Rica 
260 |b Editorial Costa Rica 
260 |c 1968 
300 |a 91 páginas 
650 |a LITERATURA COSTARRICENSE 
650 |a NOVELA 
942 0 0 |0 1 
999 |c 11203  |d 11203